000 00902nam a2200265 c 4500
001 a5180706
003 CO-ViMGA
005 20230915234534.0
008 120320s2011 sp a | |||| 000 1 spa
020 _a9788498857955
040 _aCO-ViMGA
_bspa
_cCO-ViMGA
041 1 _heng
082 0 4 _a741.5
_bB78a
100 1 _aBrubaker, Ed
_d1966-
_98870
245 1 0 _aAscensión y cad̕a del Imperio Shi'ar /
_c[guion] Ed Brubaker ; [dibujo] Billy Tan, Clayton Henry ; [traducción, Santiago García]
260 _aTorroella de Montgrí, Girona
_bPanini España ;
_a[Barcelona]
_bdistribución, SD Distribuciones
_cD.L. 2011
300 _a[296] p.
_bprincipalmente il. col.
_c27 cm.
490 0 _aMarvel deluxe
490 0 _aPatrulla X
650 1 4 _aComics
_9284
650 1 4 _aTiras comicas, historietas, etc.
_92479
700 1 _aHenry, Clayton
_98875
700 1 _aTan, Billy
_98874
942 _2ddc
_cBK
999 _c37835
_d37835